000 00622nam a2200193Ia 4500
005 20250508163320.0
008 008 250505s9999 xx 000 0 hin d
037 _aDissertations
040 _aFEDL
_beng
_cFEDL
041 _ahin
_2eng
084 _a491.207, SRI/DI
_qFEDL
100 _aSrivastava Arti
_9775096
245 0 _aSanskrit-shikshan uddeshon ke drishti se Delhi mein barhvi kaksha ke sanskrit-preshn patro ka vishleshnatmak addhyan
260 _c1988
300 _a73p.
546 _aM.Ed. Dissertation (Delhi University)
942 _cDIS
_h491.207, SRI/DI
999 _c1382269
_d1382269